| 000 | 00525nam a2200193 a 4500 | ||
|---|---|---|---|
| 005 | 20140310183148.0 | ||
| 008 | 021129s19uu xx 00 eng d | ||
| 020 | _a7099300195 | ||
| 050 |
_aE 860 _b.B458 1976 |
||
| 100 | _aBernstein, Carl | ||
| 245 |
_aAll the presidents men / _cCarl Bernstein. |
||
| 260 |
_aUSA : _bWarner Books, _c1974. |
||
| 300 |
_a382 p. : _c18 cm. |
||
| 650 | _aBernstein, Carl, 1944 | ||
| 650 | _aWoodword Bob | ||
| 650 | _aWashington post, times herald | ||
| 942 |
_cBK _2lcc |
||
| 999 |
_c19582 _d19582 |
||